Statistics for Extremely Hard General Knowledge #10

Click here to take the quiz!

General Stats

  • This quiz has been taken 687 times
    (321 since last reset)
  • The average score is 4 of 20

Answer Stats

HintAnswer% Correct
How many children did Queen Victoria and Albert have?9
89%
Whose famous collection of fables include 'The Tortoise and the Hare' and 'The Boy Who Cried Wolf'?Aesop
68%
Which boxing weight is heavier than Flyweight but lighter than Featherweight?Bantamweight
45%
What animal is on the Jägermeister bottle?Stag
38%
Katherine Hepburn was born on the 12th of May in which year?1907
21%
Which American pop art artist, who died in 1997, painted pieces such as 'Look Mickey', 'Crying Girl' and 'Brushstrokes'?Roy Lichtenstein
18%
Who released their debut album 'La Voix du bon Dieu', which translates to 'Good Lord's Voice', in 1981?Celine Dion
13%
Who reigned as King of Belgium during World War Two, from 1934 to 1951?Leopold III
13%
In Greek Mythology, who was the mother of Apollo and Artemis?Leto
8%
Which country had the most gold medals per capita at the Rio 2016 Olympics?Bahamas
6%
In the TV Series 'Thunderbirds' who piloted Thunderbird 4, the submarine held aboard Thunderbird 2?Gordon Tracy
6%
What was the name of the character played by Janet Leigh in Psycho (1960) who was famously killed in the shower scene?Marion Crane
6%
Which city is often described as the 'Seafood Capital of Australia'?Port Lincoln
6%
What is the nickname of the snooker player John Higgins, who has been world champion 4 times, in 1998, 2007, 2009 and 2011?The Wizard of Wishaw
6%
Bette Davis was nominated for 11 Oscars for Best Actress. She won two of them for her roles in Dangerous (1935) and which other film?Jezebel (1938)
5%
What is the name of the Persian rice dish consisting of scorched rice from the bottom of the pot?Tahdig
4%
Who won the 2018 Booker Prize for her novel 'Milkman'?Anna Burns
3%
What is the tallest mountain in the Republic of Ireland?Carrauntoohil
3%
Who designed Kate Middleton's wedding dress, whilst working as the creative designer of Alexander McQueen?Sarah Burton
3%
Which spirit, made from the Muscat of Alexandria grapes grown in certain part of the Bolivian Andes, is known to be the national liquor of Bolivia?Singani
1%

Score Distribution

Percentile by Number Answered

Percent of People with Each Score

Your Score History

You have not taken this quiz since the last reset